[Event "St Petersburg m"]
[Site "St Petersburg"]
[Date "1992.??.??"]
[Round "1"]
[White "Zvjaginsev, Vadim"]
[Black "Svidler, Peter"]
[Result "0-1"]
[WhiteElo "2415"]
[BlackElo "2455"]
[PlyCount "82"]
[EventDate "1992.??.??"]
[EventType "match"]
[EventRounds "6"]
[EventCountry "RUS"]
[SourceTitle "CBM 032 Extra"]
[Source "ChessBase"]
[SourceDate "1993.03.01"]
[SourceVersion "1"]
[SourceVersionDate "1993.03.01"]
[SourceQuality "1"]

1. d4 Nf6 2. c4 g6 3. Nc3 d5 4. Nf3 Bg7 5. Bg5 Ne4 6. Bf4 Nxc3 7. bxc3 dxc4 8.
e3 Be6 9. Qb1 b6 10. Ng5 Bd5 11. e4 Bb7 12. Bxc4 O-O 13. h4 Ba6 14. Bxa6 Nxa6
15. O-O c5 16. Nf3 cxd4 17. cxd4 Qd7 18. Qb3 Bxd4 19. Rad1 Qg4 20. Rxd4 Qxf4
21. e5 Qf5 22. Qe3 Nc5 23. h5 Ne6 24. hxg6 Nxd4 25. gxh7+ Kh8 26. Nxd4 Qxh7 27.
g3 Qh3 28. Nc6 Rae8 29. Rd1 Rg8 30. Rd7 Rg6 31. e6 Qxe6 32. Ne5 Rg7 33. Rd4 Rc8
34. Rh4+ Rh7 35. Re4 f5 36. Rd4 Kg8 37. Kg2 Qh6 38. Qb3+ e6 39. Rh4 Qf6 40. Rc4
Rxc4 41. Qxc4 Qxe5 0-1

[Event "St Petersburg m"]
[Site "St Petersburg"]
[Date "1992.??.??"]
[Round "2"]
[White "Svidler, Peter"]
[Black "Zvjaginsev, Vadim"]
[Result "0-1"]
[WhiteElo "2455"]
[BlackElo "2415"]
[PlyCount "114"]
[EventDate "1992.??.??"]
[EventType "match"]
[EventRounds "6"]
[EventCountry "RUS"]
[SourceTitle "CBM 032 Extra"]
[Source "ChessBase"]
[SourceDate "1993.03.01"]
[SourceVersion "1"]
[SourceVersionDate "1993.03.01"]
[SourceQuality "1"]

1. e4 c5 2. Nf3 d6 3. d4 cxd4 4. Nxd4 Nf6 5. Nc3 e6 6. g3 Be7 7. Bg2 O-O 8. O-O
Nc6 9. Be3 Bd7 10. a4 a6 11. Nxc6 Bxc6 12. a5 Nd7 13. Qe2 Qc7 14. Rfd1 Rac8 15.
Bd4 Bf6 16. Qc4 Be7 17. Qe2 Rfe8 18. h3 Bf8 19. Rdc1 Rcd8 20. Qc4 Rc8 21. Qf1
Be7 22. Nd1 Bg5 23. Be3 Bf6 24. Bf4 Nc5 25. Qe2 Red8 26. Ra3 e5 27. Be3 Qe7 28.
Nc3 Bg5 29. Nd5 Bxd5 30. exd5 g6 31. c4 f5 32. b4 Nd7 33. Rac3 e4 34. c5 dxc5
35. d6 Qf6 36. bxc5 Bxe3 37. Qxe3 Ne5 38. Bf1 Rd7 39. Rb3 Nc6 40. Rb6 Nxa5 41.
Qa3 Nc6 42. Rcb1 Nd8 43. Bc4+ Kh8 44. Rd1 h5 45. Bd5 Qe5 46. Qe3 Kh7 47. h4 Qf6
48. Bxb7 Rxb7 49. d7 Rc6 50. Rxb7 Nxb7 51. f3 exf3 52. d8=Q Nxd8 53. Rd7+ Kg8
54. Qe8+ Qf8 55. Rxd8 Qxe8 56. Rxe8+ Kf7 57. Ra8 Ke6 0-1

[Event "St Petersburg m"]
[Site "St Petersburg"]
[Date "1992.??.??"]
[Round "3"]
[White "Zvjaginsev, Vadim"]
[Black "Svidler, Peter"]
[Result "0-1"]
[WhiteElo "2415"]
[BlackElo "2455"]
[PlyCount "70"]
[EventDate "1992.??.??"]
[EventType "match"]
[EventRounds "6"]
[EventCountry "RUS"]
[SourceTitle "CBM 032 Extra"]
[Source "ChessBase"]
[SourceDate "1993.03.01"]
[SourceVersion "1"]
[SourceVersionDate "1993.03.01"]
[SourceQuality "1"]

1. d4 Nf6 2. c4 g6 3. Nf3 Bg7 4. Nc3 d5 5. Bg5 Ne4 6. Bf4 Nxc3 7. bxc3 dxc4 8.
e3 Be6 9. Rb1 b6 10. e4 O-O 11. Qd2 c6 12. a4 a6 13. h4 h5 14. Ng5 b5 15. Nxe6
fxe6 16. Bh6 Nd7 17. g4 hxg4 18. Be2 Nf6 19. Qe3 Qe8 20. Rg1 Qf7 21. Bxg7 Kxg7
22. Bxg4 Nxg4 23. Rxg4 Qf3 24. Qxf3 Rxf3 25. h5 Rxc3 26. Ke2 Rh8 27. Rxg6+ Kf7
28. Rg5 Rh3 29. Rc5 R8xh5 30. Rxc6 Rb3 31. Rc1 Rhh3 32. Rc2 c3 33. axb5 axb5
34. f3 b4 35. Rb6 Rh1 0-1

[Event "St Petersburg m"]
[Site "St Petersburg"]
[Date "1992.??.??"]
[Round "4"]
[White "Svidler, Peter"]
[Black "Zvjaginsev, Vadim"]
[Result "0-1"]
[WhiteElo "2455"]
[BlackElo "2415"]
[PlyCount "132"]
[EventDate "1992.??.??"]
[EventType "match"]
[EventRounds "6"]
[EventCountry "RUS"]
[SourceTitle "CBM 032 Extra"]
[Source "ChessBase"]
[SourceDate "1993.03.01"]
[SourceVersion "1"]
[SourceVersionDate "1993.03.01"]
[SourceQuality "1"]

1. e4 c5 2. Nf3 d6 3. d4 cxd4 4. Nxd4 Nf6 5. Nc3 g6 6. g3 Bg7 7. Bg2 O-O 8. O-O
Nc6 9. Nde2 Rb8 10. a4 a6 11. Bg5 b5 12. axb5 axb5 13. Qc1 Re8 14. Nd5 Nd7 15.
Rd1 b4 16. h3 Nc5 17. Bh6 Bh8 18. Be3 Nd7 19. Nd4 Bxd4 20. Bxd4 e6 21. Nxb4
Nxb4 22. Be3 Qc7 23. Qd2 Nc6 24. Qxd6 Qxd6 25. Rxd6 Nb4 26. Rd2 e5 27. Ra7 Nf8
28. f4 Nc6 29. Rc7 Nd4 30. Rc5 f6 31. fxe5 fxe5 32. b3 Bb7 33. Bxd4 exd4 34.
Rb5 Red8 35. Rb6 Kg7 36. h4 h5 37. Kf2 Nh7 38. Ke1 Nf6 39. e5 Nd5 40. Rd6 Rxd6
41. exd6 Ne3 42. Bxb7 Rxb7 43. c4 dxc3 44. Rd3 Nc2+ 45. Kf2 Rf7+ 46. Kg1 Na3
47. Rxc3 Nb5 48. Rd3 Rd7 49. Rd5 Nxd6 50. Kg2 Kf6 51. g4 hxg4 52. Rd4 Kf5 53.
b4 Rd8 54. Rd5+ Ke4 55. Rd1 Ke5 56. b5 Rb8 57. Re1+ Ne4 58. Rb1 Rb6 59. Rb4 Kf5
60. Rb1 Kf4 61. Rb4 Kf5 62. Rb1 Nd6 63. Rf1+ Ke5 64. Re1+ Kf6 65. Rd1 Nf5 66.
Rb1 Nxh4+ 0-1

[Event "St Petersburg m"]
[Site "St Petersburg"]
[Date "1992.??.??"]
[Round "5"]
[White "Zvjaginsev, Vadim"]
[Black "Svidler, Peter"]
[Result "1/2-1/2"]
[WhiteElo "2415"]
[BlackElo "2455"]
[PlyCount "51"]
[EventDate "1992.??.??"]
[EventType "match"]
[EventRounds "6"]
[EventCountry "RUS"]
[SourceTitle "CBM 032 Extra"]
[Source "ChessBase"]
[SourceDate "1993.03.01"]
[SourceVersion "1"]
[SourceVersionDate "1993.03.01"]
[SourceQuality "1"]

1. Nf3 Nf6 2. c4 e6 3. e3 d5 4. b3 Be7 5. Bb2 O-O 6. d4 b6 7. Bd3 Bb7 8. O-O
Nbd7 9. Nbd2 c5 10. Qe2 Ne4 11. Rfd1 Bf6 12. Ne5 cxd4 13. exd4 Bxe5 14. dxe5
Nxd2 15. Qxd2 Nc5 16. Be2 dxc4 17. Qe3 Qe7 18. Bxc4 Rfd8 19. Ba3 h6 20. f3 Rac8
21. Rac1 a5 22. Bf1 Bd5 23. Rc2 a4 24. bxa4 Qd7 25. Bxc5 Qxa4 26. Rdc1 1/2-1/2

[Event "St Petersburg m"]
[Site "St Petersburg"]
[Date "1992.??.??"]
[Round "6"]
[White "Svidler, Peter"]
[Black "Zvjaginsev, Vadim"]
[Result "1/2-1/2"]
[WhiteElo "2455"]
[BlackElo "2415"]
[PlyCount "52"]
[EventDate "1992.??.??"]
[EventType "match"]
[EventRounds "6"]
[EventCountry "RUS"]
[SourceTitle "CBM 032 Extra"]
[Source "ChessBase"]
[SourceDate "1993.03.01"]
[SourceVersion "1"]
[SourceVersionDate "1993.03.01"]
[SourceQuality "1"]

1. d4 f5 2. Nc3 d5 3. Bg5 c6 4. e3 g6 5. h4 h6 6. Bf4 Nf6 7. Bd3 Be6 8. Nf3 Rg8
9. Ne2 Nbd7 10. Ne5 g5 11. hxg5 hxg5 12. Bg3 Bg7 13. c3 Qb6 14. f3 O-O-O 15.
Nxd7 Bxd7 16. Qb3 Rh8 17. O-O-O Nh5 18. Qa3 Bf6 19. Bf2 Ng7 20. Bg3 Nh5 21. Bf2
Ng7 22. Bg3 Rde8 23. c4 dxc4 24. Bxc4 Rxh1 25. Rxh1 f4 26. Be1 a6 1/2-1/2

[Event "URS-ch U18"]
[Site "Jurmala"]
[Date "1992.??.??"]
[Round "?"]
[White "Svidler, Peter"]
[Black "Anapolsky, Sergey"]
[Result "1/2-1/2"]
[WhiteElo "2465"]
[BlackElo "2375"]
[PlyCount "45"]
[EventDate "1992.??.??"]
[EventType "swiss"]
[EventRounds "11"]
[EventCountry "URS"]
[SourceTitle "CBM 028 Extra"]
[Source "ChessBase"]
[SourceDate "1992.07.01"]
[SourceVersion "1"]
[SourceVersionDate "1992.07.01"]
[SourceQuality "1"]

1. d4 Nf6 2. Nf3 g6 3. Bg5 Bg7 4. c3 O-O 5. Nbd2 d5 6. e3 c6 7. Be2 Qb6 8. Qc1
Bg4 9. h3 Bxf3 10. Nxf3 Nbd7 11. Qc2 Rfe8 12. O-O e5 13. dxe5 Nxe5 14. Nxe5
Rxe5 15. Bf4 Ree8 16. Rfd1 Ne4 17. Bf3 Re7 18. a4 a5 19. Ra3 Rae8 20. Rb3 Qa6
21. Be2 Qa7 22. Bf3 Qa6 23. Be2 1/2-1/2

[Event "URS-ch U18"]
[Site "Jurmala"]
[Date "1992.??.??"]
[Round "?"]
[White "Svidler, Peter"]
[Black "Lugovoi, Aleksei"]
[Result "1/2-1/2"]
[WhiteElo "2465"]
[BlackElo "2315"]
[PlyCount "55"]
[EventDate "1992.??.??"]
[EventType "swiss"]
[EventRounds "11"]
[EventCountry "URS"]
[SourceTitle "CBM 028 Extra"]
[Source "ChessBase"]
[SourceDate "1992.07.01"]
[SourceVersion "1"]
[SourceVersionDate "1992.07.01"]
[SourceQuality "1"]

1. e4 c6 2. d4 d5 3. Nd2 g6 4. Ngf3 Bg7 5. h3 Nh6 6. Bd3 O-O 7. O-O f6 8. c4
Nf7 9. Re1 Nd7 10. exd5 cxd5 11. cxd5 Nb6 12. Ne4 Nxd5 13. Bc4 e6 14. Nc3 Qd6
15. Qb3 Rd8 16. Bxd5 exd5 17. Nb5 Qb8 18. Qc3 Bf8 19. Nc7 Bb4 20. Qxb4 Qxc7 21.
Re7 Qd6 22. Bd2 Bd7 23. Rae1 Qxb4 24. Bxb4 Bc6 25. R7e6 f5 26. g4 fxg4 27. hxg4
Re8 28. Rxe8+ 1/2-1/2

[Event "URS-ch U18"]
[Site "Jurmala"]
[Date "1992.??.??"]
[Round "?"]
[White "Svidler, Peter"]
[Black "Makarjev, Ilja"]
[Result "1/2-1/2"]
[WhiteElo "2465"]
[BlackElo "2335"]
[PlyCount "87"]
[EventDate "1992.??.??"]
[EventType "swiss"]
[EventRounds "11"]
[EventCountry "URS"]
[SourceTitle "CBM 028 Extra"]
[Source "ChessBase"]
[SourceDate "1992.07.01"]
[SourceVersion "1"]
[SourceVersionDate "1992.07.01"]
[SourceQuality "1"]

1. e4 d6 2. d4 Nf6 3. Nc3 g6 4. g3 Bg7 5. Bg2 O-O 6. Nge2 e5 7. h3 Nc6 8. Be3
exd4 9. Nxd4 Bd7 10. O-O Re8 11. Nde2 b5 12. a3 a5 13. g4 b4 14. axb4 axb4 15.
Rxa8 Qxa8 16. Nd5 Nxd5 17. exd5 Ne5 18. b3 c5 19. Re1 Qc8 20. Qc1 h5 21. f4
hxg4 22. fxe5 gxh3 23. e6 hxg2 24. exd7 Qxd7 25. Nf4 Qf5 26. Nxg2 Qxd5 27. Qd1
Qxd1 28. Rxd1 Be5 29. Kf2 f5 30. Bf4 Bd4+ 31. Kf3 Re6 32. Be3 Bxe3 33. Nxe3 Kf7
34. Ng2 g5 35. Ne3 Rf6 36. Rg1 Kg6 37. Nc4 g4+ 38. Kf2 d5 39. Ne3 d4 40. Nd5
Rd6 41. Nf4+ Kg5 42. Kg3 Ra6 43. Re1 c4 44. Re6 1/2-1/2

[Event "URS-ch U18"]
[Site "Jurmala"]
[Date "1992.??.??"]
[Round "?"]
[White "Zvjaginsev, Vadim"]
[Black "Svidler, Peter"]
[Result "1/2-1/2"]
[WhiteElo "2415"]
[BlackElo "2465"]
[PlyCount "31"]
[EventDate "1992.??.??"]
[EventType "swiss"]
[EventRounds "11"]
[EventCountry "URS"]
[SourceTitle "CBM 028 Extra"]
[Source "ChessBase"]
[SourceDate "1992.07.01"]
[SourceVersion "1"]
[SourceVersionDate "1992.07.01"]
[SourceQuality "1"]

1. d4 Nf6 2. Nf3 g6 3. c4 Bg7 4. Nc3 d5 5. Bg5 Ne4 6. Bf4 Nxc3 7. bxc3 dxc4 8.
e3 Be6 9. Qb1 b6 10. Ng5 Bd5 11. e4 Bb7 12. Bxc4 O-O 13. O-O Nc6 14. Rd1 Na5
15. Be2 c5 16. Qd3 1/2-1/2

[Event "Wch U16"]
[Site "Duisburg"]
[Date "1992.??.??"]
[Round "1"]
[White "Svidler, Peter"]
[Black "Hernandez Bonilla, Amelia"]
[Result "1-0"]
[WhiteElo "2455"]
[BlackElo "2075"]
[PlyCount "63"]
[EventDate "1992.??.??"]
[EventType "swiss"]
[EventRounds "11"]
[EventCountry "GER"]
[SourceTitle "TD"]
[Source "ChessBase"]
[SourceDate "1994.03.01"]
[SourceVersion "1"]
[SourceVersionDate "1994.03.01"]
[SourceQuality "1"]

1. e4 e5 2. Nf3 Nc6 3. Bc4 Nf6 4. d3 Be7 5. O-O d6 6. c3 O-O 7. Nbd2 Na5 8. Bb5
a6 9. Ba4 b5 10. Bc2 c5 11. Re1 Re8 12. Nf1 Bf8 13. Bg5 h6 14. Bh4 g5 15. Bg3
Nc6 16. Ne3 Bg7 17. h4 g4 18. Nh2 h5 19. f3 Bh6 20. fxg4 Bxe3+ 21. Rxe3 Nxg4
22. Nxg4 Bxg4 23. Qd2 Qf6 24. Rf1 Qg6 25. Bd1 Bxd1 26. Qxd1 Ne7 27. Be1 Qh6 28.
Rg3+ Ng6 29. Bd2 Qh8 30. Rf5 Re6 31. Rxh5 Qf6 32. Qg4 1-0

[Event "Wch U16"]
[Site "Duisburg"]
[Date "1992.??.??"]
[Round "3"]
[White "Svidler, Peter"]
[Black "Relange, Eloi"]
[Result "1-0"]
[WhiteElo "2455"]
[BlackElo "2285"]
[PlyCount "39"]
[EventDate "1992.??.??"]
[EventType "swiss"]
[EventRounds "11"]
[EventCountry "GER"]
[SourceTitle "TD"]
[Source "ChessBase"]
[SourceDate "1994.03.01"]
[SourceVersion "1"]
[SourceVersionDate "1994.03.01"]
[SourceQuality "1"]

1. d4 Nf6 2. Nf3 g6 3. c4 Bg7 4. Nc3 O-O 5. g3 d6 6. Bg2 Nbd7 7. O-O e5 8. Qc2
c6 9. Rd1 Re8 10. e4 exd4 11. Nxd4 Nc5 12. Bf4 Qe7 13. Nxc6 bxc6 14. Bxd6 Qe6
15. Bxc5 Qxc4 16. Ba3 Ng4 17. h3 Nf6 18. Rd6 Bxh3 19. Bxh3 Nxe4 20. Bf1 1-0

[Event "Wch U16"]
[Site "Duisburg"]
[Date "1992.??.??"]
[Round "5"]
[White "Svidler, Peter"]
[Black "Fridman, Daniel"]
[Result "1-0"]
[WhiteElo "2455"]
[BlackElo "2390"]
[PlyCount "73"]
[EventDate "1992.??.??"]
[EventType "swiss"]
[EventRounds "11"]
[EventCountry "GER"]
[SourceTitle "TD"]
[Source "ChessBase"]
[SourceDate "1994.03.01"]
[SourceVersion "1"]
[SourceVersionDate "1994.03.01"]
[SourceQuality "1"]

1. e4 e5 2. Nf3 Nc6 3. Bc4 Nf6 4. d3 Be7 5. O-O O-O 6. Nbd2 d6 7. c3 a6 8. Bb3
Be6 9. d4 exd4 10. Nxd4 Nxd4 11. cxd4 Bxb3 12. Qxb3 Rb8 13. Re1 Re8 14. Nf1 Nd7
15. Ng3 g6 16. Be3 c6 17. Rad1 Bh4 18. Bc1 Bg5 19. f4 Bh6 20. e5 dxe5 21. dxe5
Qb6+ 22. Be3 Qxb3 23. axb3 Nf8 24. Ne4 Red8 25. g3 Bg7 26. Bb6 Re8 27. Kf2 Re6
28. Kf3 h6 29. g4 g5 30. f5 Rxe5 31. Bc7 Rc8 32. Bxe5 Bxe5 33. Nd6 Bxd6 34.
Rxd6 Kg7 35. Re7 Rb8 36. b4 a5 37. bxa5 1-0

[Event "Wch U16"]
[Site "Duisburg"]
[Date "1992.??.??"]
[Round "7"]
[White "Svidler, Peter"]
[Black "Kaminski, Marcin"]
[Result "1/2-1/2"]
[WhiteElo "2455"]
[BlackElo "2440"]
[PlyCount "32"]
[EventDate "1992.??.??"]
[EventType "swiss"]
[EventRounds "11"]
[EventCountry "GER"]
[SourceTitle "TD"]
[Source "ChessBase"]
[SourceDate "1994.03.01"]
[SourceVersion "1"]
[SourceVersionDate "1994.03.01"]
[SourceQuality "1"]

1. e4 e6 2. d4 d5 3. Nd2 c5 4. Ngf3 Nf6 5. exd5 exd5 6. Bb5+ Bd7 7. Bxd7+ Nbxd7
8. O-O Be7 9. dxc5 Nxc5 10. Nd4 Qd7 11. Qf3 O-O 12. Nf5 Bd8 13. Nb3 Nce4 14.
Be3 g6 15. Ng3 Re8 16. Rfe1 Rc8 1/2-1/2

[Event "Wch U16"]
[Site "Duisburg"]
[Date "1992.??.??"]
[Round "8"]
[White "Schwartzman, Gabriel"]
[Black "Svidler, Peter"]
[Result "0-1"]
[WhiteElo "2340"]
[BlackElo "2455"]
[Annotator "Bulletin"]
[PlyCount "60"]
[EventDate "1992.??.??"]
[EventType "swiss"]
[EventRounds "11"]
[EventCountry "GER"]
[SourceTitle "TD"]
[Source "ChessBase"]
[SourceDate "1994.03.01"]
[SourceVersion "1"]
[SourceVersionDate "1994.03.01"]
[SourceQuality "1"]

1. c4 e5 2. Nc3 f5 3. d4 exd4 4. Qxd4 Nf6 5. Nd5 Be7 6. Nxe7 Qxe7 7. Bg5 O-O 8.
O-O-O Nc6 9. Qc3 a5 {Der ganze Aufbau von Weiß macht einen verdächtigen
Eindruck; vor allem aufgrund seines Entwicklungsrückstandes. Schwarz droht
bereits c6-b4.} 10. a3 Qe5 {[#] Trotz allem hätte hier Weiß die Damen tauschen
sollen, obwohl auch dann Schwarz gut steht, z.B.} 11. Qd3 (11. Qxe5 Nxe5 12. e3
Ne4 13. Bf4 {[Solider wirkt 13. h3, Red.]} Nxf2 14. Bxe5 Nxh1 15. Nh3 d6 16.
Bf4 h6 17. c5 g5 18. Bc4+ Kh8 19. cxd6 gxf4 20. d7 Bxd7 21. Rxd7 fxe3 22. Nf4
Rf6 $19) 11... Ne4 12. Nf3 Qe6 13. Bh4 d6 14. e3 Qh6 {Droht g7-g5 nebst e4xg3 .
} 15. Be2 Be6 16. Bg3 a4 17. Nd2 Na5 18. Nxe4 fxe4 {Hier war auch gut 18...
xc4 möglich, das Opfer der Dame durch 19. xc4+ xc4 20. xc4+ h8 21. f4 g6 ist
unzureichend.} 19. Qc3 (19. Qxe4 Nb3+ 20. Kb1 Bf5 {hatte er nicht so gerne.})
19... Rf5 20. Kb1 Rc5 {Nun fällt auf jeden Fall der Todeskandidat c4, 21. d4
b5.} 21. Qb4 Bxc4 22. Bxc4+ Rxc4 23. Qb5 Qe6 24. Rc1 Ra6 25. Qg5 h6 26. Qd8+
Kh7 27. Rxc4 Nxc4 28. Qxc7 Rc6 29. Qd8 {[#]} Nxa3+ {Ein schöner
kombinatorischer Abschluß.} 30. Ka1 Nc2+ {Hier hatte Weiß endgültig wegen 31.
b1 b4 nebst a2# genug. [Zapf/Pfleger] 1:55 1:20} 0-1

[Event "Wch U16"]
[Site "Duisburg"]
[Date "1992.??.??"]
[Round "11"]
[White "Papaioannou, Ioannis"]
[Black "Svidler, Peter"]
[Result "0-1"]
[WhiteElo "2335"]
[BlackElo "2455"]
[PlyCount "74"]
[EventDate "1992.??.??"]
[EventType "swiss"]
[EventRounds "11"]
[EventCountry "GER"]
[SourceTitle "TD"]
[Source "ChessBase"]
[SourceDate "1994.03.01"]
[SourceVersion "1"]
[SourceVersionDate "1994.03.01"]
[SourceQuality "1"]

1. d4 Nf6 2. c4 g6 3. Nc3 d5 4. Bg5 Bg7 5. Bxf6 Bxf6 6. cxd5 c6 7. dxc6 Bxd4 8.
cxb7 Bxb7 9. Qb3 Qc7 10. e3 Bg7 11. Bb5+ Nc6 12. Nf3 O-O 13. O-O Ne5 14. Nxe5
Qxe5 15. e4 Rab8 16. Qa4 Qc5 17. Be2 Ba8 18. Rab1 Rfd8 19. Qc4 Qa5 20. Qa6 Qxa6
21. Bxa6 Rd2 22. Rfc1 Bxc3 23. bxc3 Rxb1 24. Rxb1 Bxe4 25. Re1 Bd5 26. Bf1 Be6
27. Rc1 Kf8 28. a4 Ra2 29. Bb5 Bb3 30. h3 Bxa4 31. Bf1 Bb3 32. c4 a5 33. Bd3
Rd2 34. Bf1 a4 35. Ra1 Rd1 36. Rxd1 Bxd1 37. c5 Ke8 0-1

[Event "Oakham YM"]
[Site "Oakham"]
[Date "1992.??.??"]
[Round "1"]
[White "Svidler, Peter"]
[Black "Prakash, GB."]
[Result "1/2-1/2"]
[WhiteElo "2465"]
[BlackElo "2335"]
[PlyCount "107"]
[EventDate "1992.03.??"]
[EventType "swiss"]
[EventRounds "9"]
[EventCountry "ENG"]
[SourceTitle "CBM 030"]
[Source "ChessBase"]
[SourceDate "1992.10.01"]
[SourceVersion "1"]
[SourceVersionDate "1992.10.01"]
[SourceQuality "1"]

1. e4 e5 2. Nf3 Nc6 3. Bc4 Bc5 4. c3 Nf6 5. d3 d6 6. Nbd2 Be6 7. b4 Bb6 8. a4
a6 9. O-O O-O 10. Bxe6 fxe6 11. Nc4 Ba7 12. b5 Ne7 13. b6 Bxb6 14. Nxb6 cxb6
15. Qb3 Qd7 16. Ng5 d5 17. Ba3 Rfc8 18. f4 exf4 19. e5 Ng4 20. Rae1 Ng6 21. Qd1
N4xe5 22. Qh5 h6 23. Nh3 Nxd3 24. Qxg6 Nxe1 25. Nxf4 Qe8 26. Qg3 Nc2 27. Bd6
Rd8 28. Ng6 Rxd6 29. Rf8+ Qxf8 30. Nxf8 Rad8 31. Ng6 d4 32. Nf4 Ne3 33. cxd4
Nf5 34. Qf3 Rxd4 35. h3 R4d6 36. Nxe6 Rxe6 37. Qxf5 Red6 38. Qe4 R8d7 39. Kh2
g6 40. Qe8+ Kh7 41. Qe5 Rd5 42. Qe6 b5 43. axb5 axb5 44. Qb6 h5 45. Kg1 Rf5 46.
Kh2 h4 47. Qe6 Rfd5 48. Qb6 Re5 49. Qa5 Rf5 50. Qb4 g5 51. Qe4 Rdf7 52. Qe6 b4
53. Qe4 b3 54. Qb1 1/2-1/2

[Event "Peer Gynt"]
[Site "Gausdal"]
[Date "1992.??.??"]
[Round "1"]
[White "Thorhallsson, Gylfi"]
[Black "Svidler, Peter"]
[Result "0-1"]
[WhiteElo "2285"]
[BlackElo "2455"]
[PlyCount "80"]
[EventDate "1992.07.??"]
[EventType "swiss"]
[EventRounds "9"]
[EventCountry "NOR"]
[SourceTitle "TD"]
[Source "ChessBase"]
[SourceDate "1994.03.01"]
[SourceVersion "1"]
[SourceVersionDate "1994.03.01"]
[SourceQuality "1"]

1. e4 e5 2. Nf3 Nc6 3. Bb5 a6 4. Bxc6 dxc6 5. O-O f6 6. d4 exd4 7. Qxd4 Qxd4 8.
Nxd4 c5 9. Nb3 Be6 10. Be3 b6 11. Nc3 O-O-O 12. Rfd1 Bd6 13. f4 Ne7 14. Rd2
Rde8 15. g3 Bf7 16. Re1 Nc6 17. Bf2 Nb4 18. a3 Nxc2 19. Rxc2 Bxb3 20. Rd2 Rd8
21. Kg2 Be7 22. Nd5 Bxd5 23. exd5 Bd6 24. Kf3 f5 25. h3 Kd7 26. Rde2 Rde8 27.
g4 Rxe2 28. Rxe2 Rf8 29. Bg3 fxg4+ 30. Kxg4 g6 31. h4 Rf5 32. Rd2 Be7 33. Kf3
Rh5 34. Kg4 Bf6 35. b3 Bd4 36. b4 Bc3 37. Rc2 cxb4 38. axb4 Bxb4 39. f5 Bc5 40.
fxg6 hxg6 0-1

[Event "Peer Gynt"]
[Site "Gausdal"]
[Date "1992.??.??"]
[Round "2"]
[White "Svidler, Peter"]
[Black "Blatny, Pavel"]
[Result "1-0"]
[WhiteElo "2455"]
[BlackElo "2515"]
[PlyCount "73"]
[EventDate "1992.07.??"]
[EventType "swiss"]
[EventRounds "9"]
[EventCountry "NOR"]
[SourceTitle "TD"]
[Source "ChessBase"]
[SourceDate "1994.03.01"]
[SourceVersion "1"]
[SourceVersionDate "1994.03.01"]
[SourceQuality "1"]

1. e4 e5 2. Nf3 Nc6 3. Bc4 h6 4. d4 exd4 5. c3 d3 6. O-O d6 7. Bxd3 Be7 8. c4
Bf6 9. h3 Nge7 10. Qd2 g5 11. Nc3 Ne5 12. Be2 N7g6 13. Nd5 Nxf3+ 14. Bxf3 Be5
15. Bh5 Nf4 16. Qd1 Be6 17. Bxf4 gxf4 18. Qf3 Bxd5 19. cxd5 O-O 20. Rac1 Bxb2
21. Rc4 Be5 22. Rfc1 c5 23. dxc6 bxc6 24. Rxc6 Rb8 25. Kh2 Qh4 26. R1c2 a5 27.
Rc7 a4 28. Ra7 Rb4 29. Rcc7 Rb2 30. Bxf7+ Kg7 31. Bb3+ Kg6 32. Bc2 Rxa2 33.
Rxa4 Rxa4 34. Bxa4 Rb8 35. Bb3 h5 36. Rf7 Kh6 37. Rf5 1-0

[Event "Peer Gynt"]
[Site "Gausdal"]
[Date "1992.??.??"]
[Round "4"]
[White "Van Wely, Loek"]
[Black "Svidler, Peter"]
[Result "1-0"]
[WhiteElo "2525"]
[BlackElo "2455"]
[PlyCount "97"]
[EventDate "1992.07.??"]
[EventType "swiss"]
[EventRounds "9"]
[EventCountry "NOR"]
[SourceTitle "TD"]
[Source "ChessBase"]
[SourceDate "1994.03.01"]
[SourceVersion "1"]
[SourceVersionDate "1994.03.01"]
[SourceQuality "1"]

1. d4 Nf6 2. c4 g6 3. Nc3 d5 4. Nf3 Bg7 5. Bf4 c6 6. e3 O-O 7. h3 Be6 8. Qb3
dxc4 9. Bxc4 Bxc4 10. Qxc4 Qb6 11. O-O Qa6 12. b3 Rc8 13. Rfc1 Nfd7 14. Nd5
Qxc4 15. Rxc4 Kf8 16. Nc7 e5 17. Nxa8 exf4 18. Rb4 b6 19. Ra4 a6 20. exf4 b5
21. Ra3 Bf6 22. b4 Be7 23. Rb1 Nf6 24. Ne5 Nd5 25. Nd3 Bf6 26. Nc5 Bxd4 27. Rd1
Bb2 28. Rad3 Bf6 29. Rxd5 cxd5 30. Nb6 Re8 31. Nxd5 Rd8 32. Rd3 Be7 33. Nxe7
Kxe7 34. Re3+ Kf6 35. Ra3 Rd4 36. Nxa6 Nc6 37. Nc7 Nxb4 38. Nxb5 Rxf4 39. Ra4
Ke5 40. g3 Rc4 41. Kg2 Kd5 42. a3 Nc2 43. Ra7 Rc5 44. a4 Ke6 45. Rb7 Kf6 46. a5
Nb4 47. Nd6 Ke6 48. Ne4 Rc4 49. Ng5+ 1-0

[Event "Peer Gynt"]
[Site "Gausdal"]
[Date "1992.??.??"]
[Round "5"]
[White "Svidler, Peter"]
[Black "Kraidman, Yair"]
[Result "1-0"]
[WhiteElo "2455"]
[BlackElo "2385"]
[PlyCount "77"]
[EventDate "1992.07.??"]
[EventType "swiss"]
[EventRounds "9"]
[EventCountry "NOR"]
[SourceTitle "TD"]
[Source "ChessBase"]
[SourceDate "1994.03.01"]
[SourceVersion "1"]
[SourceVersionDate "1994.03.01"]
[SourceQuality "1"]

1. e4 e5 2. Nf3 Nc6 3. Bc4 Bc5 4. c3 Nf6 5. d3 d6 6. Nbd2 O-O 7. O-O a6 8. Bb3
h6 9. h3 b5 10. Re1 Bb7 11. Nf1 Bb6 12. Ng3 Ne7 13. Nh4 Kh7 14. Nhf5 Nxf5 15.
Nxf5 Ng8 16. Rf1 g6 17. Ne3 Qh4 18. Kh2 Bxe3 19. Bxe3 f5 20. f3 Ne7 21. Qd2 f4
22. Bf2 Qf6 23. d4 Rad8 24. a4 d5 25. exd5 Bxd5 26. Bxd5 Nxd5 27. axb5 axb5 28.
Rfe1 Ne3 29. Bxe3 fxe3 30. Qxe3 exd4 31. Qe7+ Kg8 32. cxd4 Rxd4 33. Qxc7 Rd2
34. Ra7 Rf7 35. Qc8+ Rf8 36. Qe6+ Qxe6 37. Rxe6 Rxf3 38. Rxg6+ Kf8 39. Rb6 1-0

[Event "Gausdal Int"]
[Site "Gausdal"]
[Date "1992.??.??"]
[Round "3"]
[White "Svensk, Ingemar"]
[Black "Svidler, Peter"]
[Result "0-1"]
[WhiteElo "2265"]
[BlackElo "2455"]
[PlyCount "40"]
[EventDate "1992.08.??"]
[EventType "swiss"]
[EventRounds "9"]
[EventCountry "NOR"]
[SourceTitle "TD"]
[Source "ChessBase"]
[SourceDate "1994.03.01"]
[SourceVersion "1"]
[SourceVersionDate "1994.03.01"]
[SourceQuality "1"]

1. e4 e5 2. Nc3 Nc6 3. Nf3 Nf6 4. Bb5 Nd4 5. Ba4 Bc5 6. d3 O-O 7. Bg5 h6 8. Bh4
d6 9. Nxd4 Bxd4 10. Qd2 c6 11. Bb3 a5 12. a4 Nxe4 13. Nxe4 Qxh4 14. c3 d5 15.
cxd4 dxe4 16. dxe5 e3 17. Qc2 exf2+ 18. Kf1 Be6 19. Ra3 Qf4 20. h4 Rad8 0-1